[Event "IND-chT (Women) 16th"]
[Site "Bhubaneswar"]
[Date "2018.02.12"]
[Round "5.1"]
[White "S, Jayaseeli"]
[Black "Padmini, Rout"]
[Result "0-1"]
[WhiteElo "1174"]
[BlackElo "2325"]
[PlyCount "70"]
[EventDate "2018.02.08"]
[EventType "team-swiss"]
[EventRounds "7"]
[EventCountry "IND"]
[SourceTitle "CBM 182 Extra"]
[Source "ChessBase"]
[SourceDate "2018.02.23"]
[SourceVersion "1"]
[SourceVersionDate "2018.02.23"]
[SourceQuality "1"]
[WhiteTeam "Life Insurance Corporation (W)"]
[BlackTeam "Petroleum Sports (W)"]
[WhiteTeamCountry "IND"]
[BlackTeamCountry "IND"]

1. e4 c5 2. Nf3 e6 3. d4 cxd4 4. Nxd4 Nc6 5. Nc3 Qc7 6. Be3 a6 7. Bd3 Nf6 8. Nb3 b5 9. a3 Ne5 10. Bd4 Bb7 11. 0-0 Nc4 12. Bxc4 bxc4 13. Nd2 e5 14. Be3 d5 15. exd5 Nxd5 16. Nxd5 Bxd5 17. c3 Be7 18. Qa4+ Qd7 19. Qxd7+ Kxd7 20. Rad1 Kc6 21. f4 f6 22. fxe5 fxe5 23. Nf3 Bf6 24. Rf2 Rhd8 25. Rfd2 Bxf3 26. gxf3 Kb5 27. Rd7 Ka4 28. Kf2 Rxd7 29. Rxd7 Kb3 30. Rb7+ Kc2 31. Rb4 Kd3 32. Rb7 Bh4+ 33. Kg2 Kxe3 34. b4 Bf6 35. Kg3 Kd3 0-1